LEADER 01480nam a2200409 i 4500 001 991000951079707536 005 20020507180444.0 008 940517s1983 de ||| | eng 020 $a3540127194 035 $ab10780257-39ule_inst 035 $aLE01304778$9ExL 040 $aDip.to Matematica$beng 082 0 $a510 084 $aAMS 32A 084 $aAMS 32C 084 $aAMS 32M 084 $aAMS 51K 084 $aAMS 53B 084 $aAMS 53C 084 $aQA3 100 1 $aGentili, Graziano$053784 245 10$aGeometry Seminar "Luigi Bianchi" :$blect. given at the Scuola Normale Superiore, 1982 /$cGraziano Gentili, Simon Salamon, Jean-Pierre Vigue ; ed. E. Vesentini 260 $aBerlin ; New York :$bSpringer-Verlag,$c1983 300 $avi, 177 p. :$bill. ;$c25 cm. 490 0 $aLecture notes in mathematics,$x0075-8434 ;$v1022 500 $aIncludes bibliographies. 500 $aText in English and French 650 4$aGeometry$xCongresses 700 1 $aVigué, Jean-Pierre 700 1 $aSalamon, Simon M.$eauthor$4http://id.loc.gov/vocabulary/relators/aut$056916 700 1 $aVesentini, Edoardo 907 $a.b10780257$b23-02-17$c28-06-02 912 $a991000951079707536 945 $aLE013 53B GEN11 (1983)$g1$i2013000123769$lle013$o-$pE0.00$q-$rl$s- $t0$u1$v0$w1$x0$y.i10879699$z28-06-02 996 $aGeometry seminar ?Luigi Bianchi?$91443122 997 $aUNISALENTO 998 $ale013$b01-01-94$cm$da $e-$feng$gde $h0$i1